000 00915nam a22002297a 4500
999 _c18903
_d18903
003 AR-CdUCM
008 190515b ||||| |||| 00| 0 spa d
040 _aMUNICIPALIDAD PROVINCIAL DEL CUSCO
_cBIBLIOTECA MUNICIPAL DEL CUSCO
041 _heng
082 _a388.4 /
_bH37
100 _aHellman, Hal
_938562
245 _aEl transporte en el mundo del futuro /
260 _aBuenos Aires :
_bEdiciones Marymar,
_c1976.
300 _a168 páginas ;
_c23 cm.
505 _aContenido: El mundo del transporte en la actualidad -- Tránsito ferroviario rápido -- Transporte terrestre de alta velocidad -- Túneles y tubos -- El camino que nos aguarda -- El automóvil eléctrico y el centro de la ciudad ...
650 _aTransporte
_99473
650 _aAutomóvil
_932359
650 _aAeronaves
_939817
700 _aCambiaggio, Stella (traducción)
_939818
942 _2ddc
_cLIBROS
945 _aachl
_d2019-05-15